| 000 | 01865nam0a2200409 4500 | ||
|---|---|---|---|
| 001 | RU\NLR\BIBL_A\012451945 | ||
| 005 | 20260608064214.0 | ||
| 010 |
_a978-5-353-09449-4 _93000 |
||
| 021 |
_aRU _bКН-П-20-062435 _9КН-П-20-4691 |
||
| 035 | _a(NLR Aleph) 012451945 | ||
| 035 | _a(RuMoRGB)010445774 | ||
| 090 |
_a11979944 _c11979944 |
||
| 100 | _a20210212d2020 u y0rusy50 ca | ||
| 101 | 1 |
_arus _cund |
|
| 102 | _aRU | ||
| 105 | _aa|||zzzz000gy | ||
| 181 | 0 |
_ai _baxxe |
|
| 182 | 0 | _an | |
| 200 | 1 |
_aВ лесу _eстихозооконструктор _e225 реальных и нереальных животных _e[для чтения взрослыми детям _eдля детей до 3 лет] _fнаписал Василий Федиенко _gперевела Юлия Симбирская _gнарисовала Любовь Ерёмина |
|
| 203 |
_aТекст _bвизуальный _cнепосредственный |
||
| 210 |
_aМосква _cРОСМЭН _d2020 |
||
| 215 |
_a[14] л., разрезанных на 2 ч. _cцв. ил. _d18x24 |
||
| 225 | 1 | _aСмешные половинки | |
| 333 | _a0+ | ||
| 686 | 0 | _aШ9(2)60=Ук7-5 | |
| 686 | 0 | _aШ9(2)60=Р7-8 | |
| 700 | 1 |
_7ca _8rus _aФедиенко _bВ. В. _cдет. писатель, педагог _gВасилий Витальевич _9226965 _3RU\NLR\AUTH\770227021 |
|
| 702 | 1 |
_4730 _aСимбирская _bЮ. С. _f1977- _gЮлия Станиславовна _3RU\NLR\AUTH\770159797 _9159756 |
|
| 702 | 1 |
_4040 _aЕрёмина-Ношин _bЛ. В. _cхудожник _f1980- _gЛюбовь Владимировна _9132898 _3RU\NLR\AUTH\770132932 |
|
| 942 | _cBOOK | ||
| 980 | _aNBR | ||
| 980 | _aNB | ||